| 000 | 00648nam a2200193Ia 4500 | ||
|---|---|---|---|
| 003 | IN-BaIIA | ||
| 008 | 211028s9999 xx 000 0 eng d | ||
| 020 | _a0-471-49654-5 | ||
| 040 | _cIIA Library | ||
| 080 |
_a629.19 _bMAR |
||
| 100 |
_aMaral, Gerard _928748 |
||
| 245 | 0 |
_aSatellite communications systems _bsystems,techniques and technology _cGerard Maral and Michel Bousquet |
|
| 250 | _a4th ed. | ||
| 260 |
_aNew York _bJohn Wiley & Sons _c2002 |
||
| 300 | _axxii, 757p. | ||
| 650 |
_aArtificial satellite in telecommunication _928749 |
||
| 650 |
_aSatellite communication _925284 |
||
| 942 | _cBK | ||
| 999 |
_c15595 _d15595 |
||